[Event "World Rapid 2025"]
[Site "Doha QAT"]
[Date "2025.12.27"]
[Round "6.53"]
[White "Duda, Jan-Krzysztof"]
[Black "Sanal, Vahap"]
[Result "1-0"]
[WhiteTitle "GM"]
[BlackTitle "GM"]
[WhiteElo "2729"]
[BlackElo "2546"]
[WhiteFideId "1170546"]
[BlackFideId "6300545"]
[EventDate "2025.12.26"]

1. e4 e5 2. Nf3 Nc6 3. Bb5 Nf6 4. d3 d6 5. c3 Be7 6. O-O O-O 7. Re1 a6 8. Ba4
Re8 9. Nbd2 Bf8 10. h3 h6 11. Bc2 d5 12. a4 Be6 13. a5 b6 14. axb6 cxb6 15. Nh2
b5 16. exd5 Bxd5 17. Ne4 Nxe4 18. dxe4 Be6 19. Qf3 Bc5 20. Ng4 Qh4 21. Ne3 Qf4
22. Qe2 Qf6 23. Nd5 Bxd5 24. exd5 Ne7 25. Be4 Rad8 26. Rd1 Rd6 27. b3 Qh4 28. c4
Rf6 29. Rf1 Bd4 30. Ra2 bxc4 31. bxc4 Bxf2+ 32. Kh1 Bc5 33. Rxf6 Qxf6 34. Ba3
Rc8 35. Bxc5 Rxc5 36. Bd3 Nxd5 37. cxd5 Rc1+ 38. Kh2 Qf4+ 39. g3 Qd4 40. h4 Qg1+
41. Kh3 Qh1+ 42. Kg4 Qxd5 43. Be4 Qe6+ 44. Kf3 f5 45. Ba8 Rc3+ 46. Kg2 Qg6 47.
Qxe5 Rd3 48. Bd5+ Kh7 49. Be6 1-0

[Event "World Rapid 2025"]
[Site "Doha QAT"]
[Date "2025.12.27"]
[Round "6.54"]
[White "Daneshvar, Bardiya"]
[Black "Mamedyarov, Shakhriyar"]
[Result "0-1"]
[WhiteTitle "GM"]
[BlackTitle "GM"]
[WhiteElo "2600"]
[BlackElo "2730"]
[WhiteFideId "12576468"]
[BlackFideId "13401319"]
[EventDate "2025.12.26"]

1. e4 d6 2. d4 Nf6 3. Nc3 e5 4. dxe5 dxe5 5. Qxd8+ Kxd8 6. Bc4 Ke8 7. f3 a6 8.
a3 h6 9. Nge2 Bd6 10. Be3 Nc6 11. h4 b5 12. Ba2 Be6 13. Bxe6 fxe6 14. Nb1 Nh5
15. Nd2 Nf4 16. Kf2 Rd8 17. Nb3 Rf8 18. g3 Nh5 19. Kg2 Nf6 20. Rhc1 Rb8 21. a4
b4 22. Nc5 Bxc5 23. Bxc5 Rf7 24. b3 Rd7 25. Rd1 Nd8 26. Be3 Rc8 27. Bc5 Rb8 28.
Ba7 Rc8 29. Bc5 a5 30. c3 Nc6 31. cxb4 axb4 32. Rac1 Rxd1 33. Rxd1 Nd7 34. Rc1
Rb8 35. Rc2 Nxc5 36. Rxc5 Kd7 37. f4 Kd6 38. Rc2 exf4 39. gxf4 Na5 40. e5+ Kd5
41. Rd2+ Ke4 42. Nd4 c5 43. Nxe6 Nxb3 44. Rd7 c4 45. Rc7 c3 46. Nxg7 Nd4 47. e6
b3 48. e7 b2 49. Rb7 Rg8 0-1

[Event "World Rapid 2025"]
[Site "Doha QAT"]
[Date "2025.12.27"]
[Round "6.55"]
[White "Radjabov, Teimour"]
[Black "Vakhidov, Jakhongir"]
[Result "1-0"]
[WhiteTitle "GM"]
[BlackTitle "GM"]
[WhiteElo "2692"]
[BlackElo "2516"]
[WhiteFideId "13400924"]
[BlackFideId "14201801"]
[EventDate "2025.12.26"]

1. d4 Nf6 2. c4 g6 3. Nc3 d5 4. Bf4 Bg7 5. e3 O-O 6. Rc1 Be6 7. c5 c6 8. h3 Bc8
9. Nf3 b6 10. b4 Nfd7 11. Be2 a5 12. a3 axb4 13. axb4 bxc5 14. bxc5 Re8 15. O-O
e5 16. dxe5 Nxe5 17. Nxe5 Bxe5 18. Bxe5 Rxe5 19. Qd4 Re8 20. Ra1 Rxa1 21. Rxa1
Qe7 22. Bf3 Nd7 23. Bxd5 cxd5 24. Nxd5 Qg5 25. f4 Qd8 26. c6 Re6 27. cxd7 Bxd7
28. Ra7 Rd6 29. Ra8 Qxa8 30. Ne7+ Kf8 31. Qxd6 Qa1+ 32. Kh2 Be6 33. Nf5+ 1-0

[Event "World Rapid 2025"]
[Site "Doha QAT"]
[Date "2025.12.27"]
[Round "6.56"]
[White "Jobava, Baadur"]
[Black "Mitrabha, Guha"]
[Result "0-1"]
[WhiteTitle "GM"]
[BlackTitle "GM"]
[WhiteElo "2568"]
[BlackElo "2508"]
[WhiteFideId "13601520"]
[BlackFideId "5057000"]
[EventDate "2025.12.26"]

1. c4 b6 2. d4 Bb7 3. Nc3 Nf6 4. Nf3 Ne4 5. Nxe4 Bxe4 6. Bg5 g6 7. e3 Bg7 8. Bd3
Bb7 9. O-O O-O 10. b4 c5 11. bxc5 bxc5 12. d5 d6 13. Rb1 Bc8 14. Qa4 Nd7 15. Qc6
Nb6 16. Rxb6 Bd7 17. Bxe7 Bxc6 18. Bxd8 axb6 19. dxc6 Rfxd8 20. Rb1 Rxa2 21.
Rxb6 Ra1+ 22. Bb1 Ra4 23. Bd3 Ra1+ 24. Bb1 Rc8 25. g3 Bc3 26. Kg2 Ba5 27. Rb7
Rxc6 28. Be4 Rc7 29. Rb8+ Kg7 30. Bd5 Bc3 31. Ng5 Bf6 32. Ne4 Be7 33. Rb6 Rd7
34. h4 h6 35. Bc6 Rda7 36. Bb5 Rd1 37. Nc3 Rd2 38. Ne4 Rd3 39. g4 Bxh4 40. Rxd6
Rxd6 41. Nxd6 Ra2 42. Ne4 f5 43. gxf5 gxf5 44. Nxc5 Rxf2+ 45. Kh3 Bg5 46. e4 f4
47. e5 Re2 48. Nd7 Re3+ 49. Kg4 Kg6 50. Nf8+ Kf7 51. Nd7 Ke6 52. c5 Rg3+ 53. Kh5
Kf5 54. Bf1 Rc3 55. c6 Rxc6 56. Bh3+ Ke4 57. e6 f3 58. Kg6 f2 59. Kf7 Rc1 60.
Bg2+ Kf4 61. e7 Bxe7 62. Kxe7 0-1

[Event "World Rapid 2025"]
[Site "Doha QAT"]
[Date "2025.12.27"]
[Round "6.57"]
[White "Vetokhin, Savva"]
[Black "Keymer, Vincent"]
[Result "1/2-1/2"]
[WhiteTitle "GM"]
[BlackTitle "GM"]
[WhiteElo "2572"]
[BlackElo "2776"]
[WhiteFideId "44144474"]
[BlackFideId "12940690"]
[EventDate "2025.12.26"]

1. d4 Nf6 2. c4 e6 3. Nc3 Bb4 4. e3 O-O 5. Bd3 d5 6. a3 Bxc3+ 7. bxc3 c6 8. Ne2
b6 9. f3 Ba6 10. cxd5 Bxd3 11. Qxd3 cxd5 12. c4 dxc4 13. Qxc4 Qd7 14. e4 Rc8 15.
Qd3 Nc6 16. O-O Ne5 17. Qb3 Nc4 18. a4 h6 19. Rd1 Rc6 20. Bf4 Rac8 21. Rd3 Na5
22. Qd1 Rc4 23. Be5 Qe7 24. Bg3 Qe8 25. Bh4 Nd7 26. Be1 Nb7 27. Rc3 Nf8 28. Rac1
Nd6 29. Qb3 Rxc3 30. Rxc3 Rxc3 31. Nxc3 Qc8 32. Nb5 Nxb5 33. axb5 Qc1 34. Qc3
Qb1 35. Qb4 Qc2 36. h3 Ng6 37. Bg3 Kh7 38. Kh2 Qd3 39. Qa4 f5 40. exf5 exf5 41.
Qxa7 Qxb5 42. Qf7 Qb4 43. Qxf5 Qxd4 44. Qb1 Qc5 45. f4 b5 46. f5 Nf8 47. f6+ Kg8
48. fxg7 Kxg7 49. Qb2+ Kf7 50. Qb3+ Ne6 51. Qf3+ Kg6 52. Qg4+ Kf7 53. Qe4 Qg5
54. Be5 b4 55. Bd6 b3 56. Qb7+ Kg6 57. Qxb3 Qf5 58. Qe3 h5 59. Qg3+ Qg5 60. Qb3
Qf5 61. Qb8 Qf7 62. Be5 Qf8 63. Qb3 Qf5 64. Bg3 Qf6 65. Qd5 1/2-1/2

[Event "World Rapid 2025"]
[Site "Doha QAT"]
[Date "2025.12.27"]
[Round "6.58"]
[White "Christiansen, Johan-Sebastian"]
[Black "Alekseenko, Kirill"]
[Result "0-1"]
[WhiteTitle "GM"]
[BlackTitle "GM"]
[WhiteElo "2655"]
[BlackElo "2659"]
[WhiteFideId "1512668"]
[BlackFideId "4135539"]
[EventDate "2025.12.26"]

1. e4 c5 2. Nf3 d6 3. Nc3 Nf6 4. e5 dxe5 5. Nxe5 e6 6. Bb5+ Nbd7 7. d4 a6 8.
Bxd7+ Nxd7 9. Qf3 Nxe5 10. dxe5 Qc7 11. Qg3 b5 12. O-O Bb7 13. Bf4 h6 14. h4 b4
15. Nd1 g5 16. hxg5 hxg5 17. Qxg5 Be7 18. Qg7 O-O-O 19. Ne3 Kb8 20. Rad1 Rdf8
21. Rd6 Rfg8 22. Qxf7 Bxd6 23. Qxe6 Be7 24. f3 Bg5 25. Bxg5 Rxg5 26. Ng4 Rhg8
27. Rd1 Bc8 28. Qf6 Bxg4 29. fxg4 R5g6 30. Qf5 Rxg4 31. Rd6 Rxg2+ 32. Kf1 Rg1+
33. Ke2 R8g2+ 34. Ke3 Re1+ 35. Kd3 c4+ 36. Kd4 Rd2+ 0-1

[Event "World Rapid 2025"]
[Site "Doha QAT"]
[Date "2025.12.27"]
[Round "6.59"]
[White "Pranav, V"]
[Black "Peyrer, Konstantin"]
[Result "1-0"]
[WhiteTitle "GM"]
[BlackTitle "IM"]
[WhiteElo "2641"]
[BlackElo "2496"]
[WhiteFideId "25060783"]
[BlackFideId "1640879"]
[EventDate "2025.12.26"]

1. e4 e5 2. Nc3 Nc6 3. Bc4 Nf6 4. d3 Na5 5. Bb3 Nxb3 6. axb3 d6 7. f4 exf4 8.
Bxf4 Be6 9. Nf3 Be7 10. O-O O-O 11. Qe1 Qd7 12. h3 a6 13. d4 d5 14. e5 Nh5 15.
Bh2 f5 16. exf6 Nxf6 17. Ne5 Qc8 18. Nd3 Re8 19. Be5 Qd7 20. Nf4 Bf5 21. Nfxd5
Nxd5 22. Nxd5 Bd6 23. c4 Bxe5 24. dxe5 Rad8 25. Rd1 Qe6 26. Qf2 Rf8 27. Qc5 Rde8
28. Nxc7 Qxe5 29. Rd5 Qg3 30. Nxe8 1-0

[Event "World Rapid 2025"]
[Site "Doha QAT"]
[Date "2025.12.27"]
[Round "6.60"]
[White "Indjic, Aleksandar"]
[Black "Samunenkov, Ihor"]
[Result "1-0"]
[WhiteTitle "GM"]
[BlackTitle "GM"]
[WhiteElo "2635"]
[BlackElo "2584"]
[WhiteFideId "911925"]
[BlackFideId "14187086"]
[EventDate "2025.12.26"]

1. d4 d5 2. c4 c6 3. Nc3 Nf6 4. Nf3 e6 5. Bg5 Nbd7 6. e3 Qa5 7. cxd5 Nxd5 8. Rc1
h6 9. Bh4 Nxc3 10. bxc3 Ba3 11. Rc2 b6 12. Be2 Ba6 13. O-O Bxe2 14. Rxe2 O-O 15.
e4 Rfe8 16. e5 b5 17. Re3 Bf8 18. Nd2 b4 19. Ne4 bxc3 20. Rg3 Reb8 21. Bf6 Nxf6
22. Nxf6+ Kh8 23. Qh5 g6 24. Rxg6 1-0

[Event "World Rapid 2025"]
[Site "Doha QAT"]
[Date "2025.12.27"]
[Round "6.61"]
[White "Tsaruk, Maksim"]
[Black "Theodorou, Nikolas"]
[Result "0-1"]
[WhiteTitle "GM"]
[BlackTitle "GM"]
[WhiteElo "2515"]
[BlackElo "2652"]
[WhiteFideId "13511173"]
[BlackFideId "4262875"]
[EventDate "2025.12.26"]

1. e4 c5 2. Nf3 Nc6 3. Bb5 e6 4. O-O Nd4 5. Nxd4 cxd4 6. c3 a6 7. Bd3 d5 8. e5
Ne7 9. cxd4 Nc6 10. Nc3 Nxd4 11. b3 Nc6 12. f4 g6 13. Kh1 Be7 14. Bb2 O-O 15.
Rc1 Bd7 16. a3 Rc8 17. Na4 b5 18. Nc5 Nxe5 19. Nxe6 Bxe6 20. Bxe5 Rxc1 21. Qxc1
Bf6 22. Bxf6 Qxf6 23. f5 gxf5 24. a4 Rc8 25. Qb1 d4 26. axb5 axb5 27. Bxb5 Qg5
28. Bd3 Qxd2 29. Bxf5 Bd5 30. Bxh7+ Kg7 31. Be4 Be6 32. b4 Rb8 33. b5 Bc4 34.
Rd1 Qe3 35. Qa1 Qxe4 36. Rxd4 Ra8 37. Qb2 Qe1# 0-1

[Event "World Rapid 2025"]
[Site "Doha QAT"]
[Date "2025.12.27"]
[Round "6.62"]
[White "Idani, Pouya"]
[Black "Xiao, Tong(QD)"]
[Result "1/2-1/2"]
[WhiteTitle "GM"]
[BlackTitle "GM"]
[WhiteElo "2611"]
[BlackElo "2555"]
[WhiteFideId "12510130"]
[BlackFideId "8622388"]
[EventDate "2025.12.26"]

1. e4 c5 2. Nf3 Nc6 3. Bb5 Nf6 4. Nc3 Qc7 5. O-O Nd4 6. Re1 e5 7. a4 Be7 8. d3
O-O 9. Bg5 d6 10. Bxf6 Bxf6 11. Nxd4 cxd4 12. Nd5 Qd8 13. c3 dxc3 14. bxc3 Be6
15. Bc4 Bg5 16. Qb3 Rb8 17. Rad1 Kh8 18. d4 Qa5 19. dxe5 dxe5 20. Nb4 Bxc4 21.
Qxc4 Qxa4 22. Ra1 Qd7 23. Rxa7 Qd2 24. Rf1 Rbc8 25. Qd5 Qxc3 26. Rxb7 Rcd8 1/2-1/2

[Event "World Rapid 2025"]
[Site "Doha QAT"]
[Date "2025.12.27"]
[Round "6.63"]
[White "Begmuratov, Khumoyun"]
[Black "Ibarra Jerez, Jose Carlos"]
[Result "1/2-1/2"]
[WhiteTitle "IM"]
[BlackTitle "GM"]
[WhiteElo "2451"]
[BlackElo "2532"]
[WhiteFideId "14210207"]
[BlackFideId "2226332"]
[EventDate "2025.12.26"]

1. e4 e5 2. Nf3 Nf6 3. Nc3 Nc6 4. Bb5 Nd4 5. O-O Nxb5 6. Nxb5 c6 7. Nc3 d6 8. d4
Qc7 9. h3 Be7 10. a4 a5 11. Bg5 O-O 12. Re1 h6 13. Bh4 Re8 14. Qd3 Nh5 15. Bxe7
Qxe7 16. Rad1 Nf4 17. Qe3 Qf6 18. Ne2 Ng6 19. Kh2 Be6 20. Qc3 exd4 21. Qxd4 Qxd4
22. Nfxd4 d5 23. Nc3 dxe4 24. Nxe4 Rad8 25. Nc5 Bc8 26. Rxe8+ Rxe8 27. Ncb3 Rd8
28. Rd2 Ne5 29. Nxa5 b6 30. f4 bxa5 31. fxe5 c5 32. Nb3 Rxd2 33. Nxd2 Bf5 34.
Nb3 Bxc2 35. Nxc5 Kf8 36. Kg3 Ke7 37. Kf4 f6 38. exf6+ Kxf6 39. Ke3 Ke5 40. Kd2
Bf5 41. Kc3 g5 42. Nb3 Bd7 43. Nxa5 Bxa4 44. Kd3 Kf4 45. Ke2 Kg3 46. Kf1 h5 47.
Nc4 Bb5 48. b3 g4 49. hxg4 hxg4 50. Kg1 Kf4 51. Kf2 g3+ 52. Kf1 Ke4 53. Ke2 Kd4
54. Kf3 Kc3 55. Kxg3 Bc6 56. Ne5 Bxg2 57. Kxg2 Kxb3 1/2-1/2

[Event "World Rapid 2025"]
[Site "Doha QAT"]
[Date "2025.12.27"]
[Round "6.64"]
[White "Kadric, Denis"]
[Black "Suleymenov, Alisher"]
[Result "1-0"]
[WhiteTitle "GM"]
[BlackTitle "GM"]
[WhiteElo "2543"]
[BlackElo "2505"]
[WhiteFideId "14403803"]
[BlackFideId "13707833"]
[EventDate "2025.12.26"]

1. e4 e5 2. Bc4 Nf6 3. d3 c6 4. Nf3 d5 5. Bb3 Bd6 6. exd5 Nxd5 7. O-O O-O 8. Re1
Bg4 9. h3 Bh5 10. Nbd2 Nd7 11. Ne4 Bc7 12. Bg5 f6 13. Bd2 Kh8 14. Ng3 Bxf3 15.
Qxf3 Nc5 16. Nf5 Nxb3 17. axb3 Ne7 18. Ra4 Nxf5 19. Qxf5 Qc8 20. Qh5 Qe8 21. Qf3
Kg8 22. h4 Qd7 23. h5 h6 24. Rg4 f5 25. Rg6 f4 26. Re4 Rae8 27. g4 Rf6 28. Rxf6
gxf6 29. d4 c5 30. Qe2 Rd8 31. Bxf4 exf4 32. Re7 Qd6 33. Qc4+ Qd5 34. Qxd5+ Rxd5
35. Rxc7 Rxd4 36. Kg2 b6 37. Rxa7 Rd2 38. Rb7 Rxc2 39. Rxb6 Kf7 40. b4 c4 41.
Rc6 Kg7 42. Rc7+ Kg8 43. Kf3 Kf8 44. Kxf4 Rxf2+ 45. Ke4 Rxb2 46. Rxc4 Ke7 47.
Kd5 Kd7 48. Rf4 Rb1 49. Kc5 Rc1+ 50. Kb5 Ke6 51. Rc4 Rh1 52. Kc6 f5 53. gxf5+
Kf6 54. b5 Rxh5 55. b6 Rg5 56. Rh4 Kxf5 57. Rxh6 Rg1 58. b7 Rc1+ 59. Kd7 Rb1 60.
Kc7 1-0

[Event "World Rapid 2025"]
[Site "Doha QAT"]
[Date "2025.12.27"]
[Round "6.65"]
[White "Agmanov, Zhandos"]
[Black "Volokitin, Andrei"]
[Result "1/2-1/2"]
[WhiteTitle "IM"]
[BlackTitle "GM"]
[WhiteElo "2471"]
[BlackElo "2619"]
[WhiteFideId "13708309"]
[BlackFideId "14107090"]
[EventDate "2025.12.26"]

1. e4 e5 2. Nf3 Nf6 3. Nxe5 d6 4. Nf3 Nxe4 5. d4 d5 6. Bd3 Bf5 7. O-O Be7 8. Ne5
Nd7 9. Nc3 Nxe5 10. dxe5 Nxc3 11. bxc3 Qd7 12. Bxf5 Qxf5 13. Qxd5 O-O 14. Qxb7
Qxe5 15. Qc6 Bf6 16. Be3 Qxc3 17. Qxc3 Bxc3 18. Rab1 f5 19. Rb7 a6 20. Rxc7 Rac8
21. Rxc8 Rxc8 22. Rb1 Be5 23. g3 Rxc2 24. a4 Rc4 25. a5 Ra4 26. Bd2 Ra2 27. Bb4
Rb2 28. Rxb2 Bxb2 29. Kf1 Kf7 30. Ke2 Ke6 31. Kd3 Kd5 32. h3 Be5 33. g4 fxg4 34.
hxg4 g6 35. Bd2 h5 36. f4 Bd4 37. f5 hxg4 38. fxg6 g3 39. Be3 Bf6 40. Ke2 Ke4
41. Bh6 Kf5 42. g7 Bxg7 43. Bxg7 Ke6 44. Kf3 Kd7 45. Ke4 1/2-1/2

[Event "World Rapid 2025"]
[Site "Doha QAT"]
[Date "2025.12.27"]
[Round "6.66"]
[White "Gan-Erdene, Sugar"]
[Black "Sasikiran, Krishnan"]
[Result "1-0"]
[WhiteTitle "IM"]
[BlackTitle "GM"]
[WhiteElo "2444"]
[BlackElo "2538"]
[WhiteFideId "4902980"]
[BlackFideId "5004985"]
[EventDate "2025.12.26"]

1. e4 e5 2. Nf3 Nc6 3. Bb5 a6 4. Ba4 Nf6 5. O-O Be7 6. d3 b5 7. Bb3 d6 8. a4 Bd7
9. c3 O-O 10. Bc2 b4 11. Bg5 h6 12. Bh4 Nh5 13. Bxe7 Qxe7 14. Nbd2 Nf4 15. g3
Nh3+ 16. Kg2 Rab8 17. Nc4 bxc3 18. bxc3 f5 19. Ne3 fxe4 20. dxe4 Ng5 21. Nxg5
Qxg5 22. Bd3 Rb2 23. Rb1 Rxb1 24. Bxb1 Ne7 25. h4 Qf6 26. Bd3 a5 27. Bb5 Be6 28.
Bc4 Kh8 29. Bxe6 Qxe6 30. Qd3 Ng8 31. Qc4 Qg6 32. f3 Nf6 33. Qxc7 Nh5 34. Nf5
Rf6 35. Kh2 Kh7 36. Rg1 d5 37. g4 Nf4 38. Qxe5 Ne2 39. Rg2 Re6 40. Qxg7+ Qxg7
41. Nxg7 Kxg7 42. Rxe2 1-0

[Event "World Rapid 2025"]
[Site "Doha QAT"]
[Date "2025.12.27"]
[Round "6.67"]
[White "Muradli, Mahammad"]
[Black "Chasin, Nico"]
[Result "0-1"]
[WhiteTitle "GM"]
[BlackTitle "IM"]
[WhiteElo "2581"]
[BlackElo "2517"]
[WhiteFideId "13409301"]
[BlackFideId "30908477"]
[EventDate "2025.12.26"]

1. d4 Nf6 2. c4 e6 3. Nf3 d5 4. g3 Bb4+ 5. Bd2 Be7 6. Bg2 O-O 7. Qc2 c6 8. O-O
Nbd7 9. Bf4 a5 10. Rd1 h6 11. Nc3 dxc4 12. Nd2 Nb6 13. e4 Bd7 14. Nf3 c5 15. d5
exd5 16. exd5 Re8 17. d6 Bf8 18. Ne5 g5 19. Nxd7 Qxd7 20. Be3 Re5 21. a4 Rae8
22. h3 Bxd6 23. Nb5 Nfd5 24. Bd2 Re2 25. Re1 Bxg3 26. fxg3 Ne3 27. Rxe2 Nxc2 28.
Rxe8+ Qxe8 29. Rf1 Nd4 30. Nd6 Qd8 0-1

[Event "World Rapid 2025"]
[Site "Doha QAT"]
[Date "2025.12.27"]
[Round "6.68"]
[White "Jumabayev, Rinat"]
[Black "Rakotomaharo, Fy Antenaina"]
[Result "1-0"]
[WhiteTitle "GM"]
[BlackTitle "IM"]
[WhiteElo "2560"]
[BlackElo "2434"]
[WhiteFideId "13702661"]
[BlackFideId "13100050"]
[EventDate "2025.12.26"]

1. c4 e6 2. Nc3 d5 3. d4 Nf6 4. cxd5 exd5 5. Bg5 c6 6. e3 h6 7. Bh4 Be7 8. Bd3
O-O 9. Nge2 Re8 10. O-O a5 11. f3 b5 12. Bf2 Ba6 13. Rc1 Nbd7 14. h3 Bf8 15. Ng3
Qb8 16. Re1 c5 17. dxc5 Bxc5 18. Bf5 Bxe3 19. Bxe3 Qxg3 20. Ne2 Qd6 21. Nd4 Rac8
22. Rxc8 Rxc8 23. Qd2 b4 24. Bb1 Re8 25. Nf5 Qf8 26. b3 Bb7 27. Rc1 Rc8 28. Rxc8
Bxc8 29. Qc2 Kh8 30. Qc7 Qe8 31. Kf2 d4 32. Bxd4 Ba6 33. Ne3 Qe6 34. Qd8+ Qe8
35. Qxa5 Qc8 36. Bf5 Qc1 37. Qd8+ Ng8 38. Qxd7 1-0

[Event "World Rapid 2025"]
[Site "Doha QAT"]
[Date "2025.12.27"]
[Round "6.85"]
[White "Gokerkan, Cem Kaan"]
[Black "Nesterov, Arseniy"]
[Result "1-0"]
[WhiteTitle "GM"]
[BlackTitle "GM"]
[WhiteElo "2510"]
[BlackElo "2595"]
[WhiteFideId "6336760"]
[BlackFideId "24198455"]
[EventDate "2025.12.26"]

1. e4 e5 2. Nf3 Nf6 3. d4 Nxe4 4. Bd3 d5 5. Nxe5 Nd7 6. Nxd7 Bxd7 7. O-O Bd6 8.
Nc3 Nxc3 9. bxc3 h5 10. Rb1 b6 11. c4 Qh4 12. g3 Qxd4 13. Bb2 Qg4 14. Qxg4 hxg4
15. Bxg7 dxc4 16. Bxc4 Rg8 17. Rbe1+ Be6 18. Bxe6 fxe6 19. Bh6 Kd7 20. Kg2 Rg6
21. Bd2 Rf8 22. Re4 Rf5 23. c4 a6 24. f3 gxf3+ 25. Rxf3 b5 26. Rd3 bxc4 27. Rxc4
Rd5 28. Rcd4 c6 29. Rxd5 exd5 30. h4 c5 31. h5 Rg8 32. Rxd5 Rxg3+ 33. Kf2 Rg4
34. Kf3 Ra4 35. h6 Ke6 36. Rxd6+ Kxd6 37. Bf4+ Ke6 38. h7 Kf5 39. h8=Q Rxf4+ 40.
Ke3 Re4+ 41. Kd3 Rd4+ 42. Kc3 Ra4 43. Qf8+ Kg4 44. Qxc5 a5 45. a3 1-0

[Event "World Rapid 2025"]
[Site "Doha QAT"]
[Date "2025.12.27"]
[Round "6.86"]
[White "Nogerbek, Kazybek"]
[Black "Raja, Rithvik R"]
[Result "1/2-1/2"]
[WhiteTitle "GM"]
[BlackTitle "GM"]
[WhiteElo "2539"]
[BlackElo "2541"]
[WhiteFideId "13710427"]
[BlackFideId "35007394"]
[EventDate "2025.12.26"]

1. d4 Nf6 2. c4 e6 3. Bg5 h6 4. Bh4 Bb4+ 5. Nd2 c5 6. dxc5 Na6 7. Nf3 Nxc5 8. a3
Bxd2+ 9. Nxd2 O-O 10. e3 g5 11. Bg3 Nce4 12. Bd3 Nxg3 13. hxg3 Kg7 14. Qe2 d6
15. Rd1 e5 16. Ne4 Bg4 17. f3 Be6 18. g4 Nxe4 19. Bxe4 Rc8 20. Bd5 Qc7 21. b3 b5
22. cxb5 Qc3+ 23. Kf2 Bxd5 24. Rxd5 Qxb3 25. Rxd6 Rc2 26. Rd2 Rfc8 27. Rhd1 Rxd2
28. Rxd2 Qxa3 29. Ra2 Qb3 30. Qb2 Qxb2+ 31. Rxb2 Rb8 32. Ke2 Rb6 33. Ra2 Rxb5
34. Rxa7 Rb2+ 35. Kf1 Kg6 1/2-1/2

[Event "World Rapid 2025"]
[Site "Doha QAT"]
[Date "2025.12.27"]
[Round "6.87"]
[White "Ibrahimli, Murad"]
[Black "Vokhidov, Shamsiddin"]
[Result "1/2-1/2"]
[WhiteTitle "IM"]
[BlackTitle "GM"]
[WhiteElo "2438"]
[BlackElo "2641"]
[WhiteFideId "13410229"]
[BlackFideId "14204223"]
[EventDate "2025.12.26"]

1. d4 Nf6 2. c4 e6 3. Nf3 d5 4. Nc3 Bb4 5. cxd5 exd5 6. Bf4 Ne4 7. Rc1 Qe7 8.
Nd2 Nxc3 9. bxc3 Ba3 10. Rb1 O-O 11. g3 c5 12. dxc5 Bxc5 13. Bg2 Nc6 14. Nf3 Bf5
15. Rb3 Rfe8 16. O-O Be4 17. h4 a6 18. Ng5 Bxg2 19. Kxg2 h6 20. Nf3 Na5 21. Rb1
Rad8 22. Re1 Nc4 23. Qd3 b5 24. e3 Qf6 25. Re2 Bb6 26. Rh1 Re4 27. h5 Qf5 28.
Qd1 Rde8 29. Rh4 Bd8 30. Rh1 Bf6 31. Nd4 Qd7 32. Rhe1 a5 33. Qd3 Bxd4 34. cxd4
Qf5 35. Qb3 b4 36. f3 R4e7 37. g4 Qd7 38. Kf2 Qb5 39. Rb1 Rb7 40. g5 hxg5 41.
Bxg5 Qd7 42. Rg1 f6 43. Bf4 Qf5 44. Rh1 Rbe7 45. Rh4 Kf7 46. e4 Qe6 47. Qd3 a4
48. e5 Kg8 49. Rg4 Qf7 50. Kg3 fxe5 51. dxe5 Nxe5 52. Rxe5 Rxe5 53. h6 g5 54.
Bxg5 Qf5 55. Bf4+ Kh7 56. Qd4 R8e7 57. Bxe5 Qxe5+ 58. Qxe5 Rxe5 59. Rxb4 Kxh6
60. Rxa4 Kg6 61. Kf4 Re2 62. Ra6+ Kf7 63. a4 Ke7 64. Rb6 Ra2 65. Ra6 Re2 66. Rb6
Ra2 67. Ra6 1/2-1/2

[Event "World Rapid 2025"]
[Site "Doha QAT"]
[Date "2025.12.27"]
[Round "6.88"]
[White "Grebnev, Aleksey"]
[Black "Sankalp, Gupta"]
[Result "1/2-1/2"]
[WhiteTitle "GM"]
[BlackTitle "GM"]
[WhiteElo "2632"]
[BlackElo "2557"]
[WhiteFideId "34189030"]
[BlackFideId "5097010"]
[EventDate "2025.12.26"]

1. Nf3 d5 2. b3 Nf6 3. Bb2 g6 4. c4 c6 5. g3 Bg7 6. Bg2 O-O 7. O-O a5 8. d4 Ne4
9. Nbd2 Bf5 10. Rc1 a4 11. b4 a3 12. Ba1 Nd7 13. Qb3 e6 14. c5 Nxd2 15. Nxd2 e5
16. dxe5 Nxe5 17. Rfd1 Qc8 18. Bd4 Nd3 19. exd3 Bxd4 20. Re1 Qd8 21. Nf1 Re8 22.
Ne3 Bd7 23. Nc2 Bb2 24. Rxe8+ Qxe8 25. Re1 Qd8 26. d4 Qf6 27. Re2 Bg4 28. Rd2 h5
29. h3 Bd7 30. h4 Re8 31. Kh2 Bg4 32. Ne3 Bxd4 33. Qxa3 Bxe3 34. fxe3 g5 35. Qb2
Qe7 36. hxg5 Qxg5 37. Qd4 Rxe3 38. Rf2 h4 39. gxh4 Qxh4+ 40. Kg1 Re1+ 41. Bf1
Qg3+ 42. Rg2 Rxf1+ 43. Kxf1 Bh3 44. Qf2 Bxg2+ 45. Qxg2 Qxg2+ 46. Kxg2 Kf8 47.
Kf3 f5 48. Ke3 Ke7 49. a4 Ke6 50. Kd4 f4 51. b5 cxb5 52. axb5 Kd7 53. Kd3 Ke7
54. Kd4 Ke6 55. Kd3 f3 56. Ke3 d4+ 57. Kxf3 Kd5 58. c6 bxc6 59. bxc6 Kxc6 60.
Ke4 Kc5 61. Kd3 Kd5 62. Kd2 Kc4 63. Kc2 Kd5 64. Kd3 Ke5 65. Kd2 Ke4 66. Ke2 d3+
67. Kd2 Kd4 68. Kd1 Ke3 69. Ke1 d2+ 70. Kd1 1/2-1/2

[Event "World Rapid 2025"]
[Site "Doha QAT"]
[Date "2025.12.27"]
[Round "6.89"]
[White "Rakhmanov, Aleksandr"]
[Black "Zverev, Lev"]
[Result "1/2-1/2"]
[WhiteTitle "GM"]
[BlackTitle "IM"]
[WhiteElo "2585"]
[BlackElo "2453"]
[WhiteFideId "4173708"]
[BlackFideId "24250775"]
[EventDate "2025.12.26"]

1. d4 Nf6 2. c4 e6 3. Nc3 Bb4 4. e3 O-O 5. Bd3 d5 6. Ne2 Nbd7 7. O-O dxc4 8.
Bxc4 e5 9. a3 Be7 10. Ba2 exd4 11. Nxd4 Nc5 12. Qc2 Bd6 13. b4 Ne6 14. Nf5 Be5
15. Rd1 Qe8 16. Bb2 Bd7 17. h3 Rd8 18. Bb3 Bc8 19. f4 Rxd1+ 20. Rxd1 Nxf4 21.
exf4 Bxf5 22. Qxf5 Bxc3 23. Bxc3 Qe3+ 24. Kh2 Qxc3 25. Rd3 Qc6 26. Rg3 g6 27.
Qd3 Qe4 28. Qd2 Qf5 29. Qd4 Nh5 30. Rf3 Ng7 31. Qxa7 Qe4 32. Qc5 c6 33. Qb6 Qe7
34. Rd3 Nh5 35. Qd4 Qc7 36. Qe5 Rc8 37. Rd6 Ng7 38. Rf6 Qxe5 39. Bxf7+ Kf8 40.
fxe5 Ke7 41. Bb3 Rf8 42. Rxf8 Kxf8 43. g4 Ne8 44. Kg3 Nc7 45. Kf4 Nb5 46. a4 Nd4
47. Bd1 Ke7 48. Ke4 Ne6 49. h4 Nc7 50. Bc2 Kd7 51. Kd4 Ne6+ 52. Kc4 b5+ 53. axb5
cxb5+ 54. Kd5 Nc7+ 55. Kd4 Na6 56. Bd3 Nxb4 57. Bxb5+ Ke7 58. Ba4 Ke6 59. Bb3+
Ke7 60. Bg8 h6 61. Bd5 Nc2+ 62. Ke4 Nb4 63. Bb3 Nc6 64. Ba4 Nb4 65. Kd4 Ke6 66.
Be8 g5 67. h5 Nc2+ 68. Ke4 Ne1 69. Ba4 Ng2 70. Bb3+ Ke7 71. Bc4 Kd7 72. Ba6 Ke6
73. Bc8+ Ke7 74. Kf5 Nh4+ 75. Ke4 Ng2 76. Ba6 Ke6 77. Bf1 Nh4 78. Bc4+ Ke7 79.
Kd4 Nf3+ 80. Kd5 Ne1 81. Bf1 Nf3 82. Be2 Nh4 83. Bd3 Ng2 84. Ke4 Ke6 85. Ba6 Ke7
86. Bf1 Nh4 87. Kd5 Nf3 88. Be2 Nh4 89. e6 Ng2 90. Ke5 Nf4 91. Bc4 Ng2 92. Bd5
Nf4 93. Bb3 Ng2 94. Bc4 Ne3 95. Be2 Ng2 96. Bf1 Nf4 97. Kf5 Nxe6 98. Kg6 Nd8 99.
Kxh6 Kf6 100. Kh7 Nf7 101. Be2 Ne5 102. Bd1 Kf7 103. Be2 Kf8 104. Kh6 Nxg4+ 105.
Bxg4 Kg8 1/2-1/2